Harry Potter Actors - Statistics

General Stats
  • This quiz has been taken 597 times
    596 since last reset
  • The average score is 14 of 28
Answer Stats
Characters name Actors name % Correct
Hermione Granger Emma Watson
98%
Harry Potter Daniel Radcliffe
95%
Ronald Weasley Rupert Grint
94%
Draco Malfoy Tom Felton
86%
Severus Snape Alan Rickman
79%
Minerva Mcgonagall Maggie Smith
70%
Ginny Weasley Bonnie Wright
67%
Bellatrix Lestrange Helena Bonham Carter
67%
Sirius Black Gary Oldman
65%
Voldemort Ralph Fiennes
61%
Albus Dumbledore 2 Michael Gambon
59%
Rubeus Hagrid Robbie Coltrane
58%
Neville Longbottom Matthew Lewis
56%
George Weasley Oliver Phelps
56%
Fred Weasley James Phelps
54%
Albus Dumbledore 1 Richard Harris
54%
Luna Lovegood Evanna Lynch
53%
Molly Weasley Julie Walters
45%
Remus Lupin David Thewlis
37%
Cho Chang Katie Leung
31%
Arthur Weasley Mark Williams
25%
Fleur Delacour Clemence Poesy
21%
Argus Filch David Bradley
21%
Seamus Finnigan Devon Murray
19%
Bill Weasley Domhnall Gleeson
18%
Percy Weasley Chris Rankin
12%
Kingsley Shacklebolt George Harris
6%
Igor Karkaroff Predrag Bjelac
4%
No matching quizzes found
Score Distribution
Percent of People with Each Score
Percentile by Number Answered
Your Score History
You have not taken this quiz since the last reset